| 000 | 00590nam a2200181Ia 4500 | ||
|---|---|---|---|
| 001 | 149483 | ||
| 003 | 243069 | ||
| 005 | 20241203064956.0 | ||
| 008 | ||||||n9999 ||| || || | ||
| 082 | _a320.6 | ||
| 100 |
_aTorres Salgado, Camilo Andrés _9183516 |
||
| 245 | 0 | _aReflexiones sobre la estructura de redes de política pública en la atención e inclusión de los sobrevivientes en el marco del postconflicto | |
| 562 | _e1 | ||
| 650 | 0 |
_aConflicto armado _910156 |
|
| 650 |
_aPOLÍTICAS _9183517 |
||
| 650 | 0 |
_aAdministradores Públicos (Bogotá) _9135945 |
|
| 942 | _cTESIS | ||
| 999 |
_c149483 _d149483 |
||